00939cam a22001818i 4500020001800000020001800018082001400036245014200050250001700192260003200209300001600241504005100257520033600308650001500644650003300659700003200692700003300724 a9781032341132 a978103234111800a301bSOC-00aSocial theory re-wired :bnew connections to classical and contemporary perspectives /cedited by Wesley Longhofer and Daniel Winchester. a3rd edition. aNewyork:bRoutledge,c2023. axxiii,513p. aIncludes bibliographical references and index. a"This third edition of Social Theory Re-Wired is significantly revised and its unique web learning interactive programs that "allow us to go farther into theory and to build student skills than ever before," according to many teachers. Vital political and social updates are reflected both in the text and the online supplements"-- 0aSociology. 0aSocial sciencesxPhilosophy.1 aLonghofer, Wesley,eeditor.1 aWinchester, Daniel,eeditor.